[Event "Oberliga Ost B 2018 2019"]
[Site "?"]
[Date "2018.11.10"]
[Round "2.3"]
[White "Flach, Erich"]
[Black "Chandler, Patrick"]
[Result "1/2-1/2"]
[WhiteElo "2110"]
[BlackElo "2138"]
[PlyCount "91"]
[EventDate "2018.10.21"]
[EventType "team-tourn"]
[EventCountry "GER"]
[WhiteTeam "Griesheim SV II"]
[BlackTeam "Frankfurt SC Koenig Nied"]
[WhiteTeamCountry "GER"]
[BlackTeamCountry "GER"]

1. c4 e5 2. g3 Bc5 3. Nc3 Nc6 4. Bg2 d6 5. e3 Nge7 6. Nge2 Bf5 7. O-O Bd3 8. b3
O-O 9. Bb2 f5 10. Re1 f4 11. gxf4 Ng6 12. Nd5 Nh4 13. Bh1 Bxe2 14. Qxe2 exf4
15. Qg4 Ne5 16. Bxe5 dxe5 17. d4 Rf5 18. Kf1 exd4 19. exd4 h5 20. Qh3 Bd6 21.
c5 Bf8 22. Nxc7 Qxc7 23. Qxh4 f3 24. Re3 Qc6 25. Qe4 Qxe4 26. Rxe4 Rd8 27. Rc1
g5 28. h3 Bg7 29. Rc3 Rxd4 30. Rxd4 Bxd4 31. Rd3 Bxc5 32. Rxf3 Re5 33. Rd3 b6
34. Rd5 Rxd5 35. Bxd5+ Kg7 36. Bf3 Kh6 37. Ke2 g4 38. hxg4 h4 39. Bg2 Kg5 40.
Kf3 a5 41. a4 Bd4 42. Bh3 Bc5 43. Bf1 Bd4 44. Bg2 Be5 45. Bh3 Bd4 46. Bf1
1/2-1/2

[Event "Oberliga Ost B 2018 2019"]
[Site "?"]
[Date "2018.11.10"]
[Round "2.4"]
[White "Uwira, Oliver"]
[Black "Schnitzspan, Lothar"]
[Result "1-0"]
[WhiteElo "2189"]
[BlackElo "2269"]
[PlyCount "45"]
[EventDate "2018.10.21"]
[EventType "team-tourn"]
[EventCountry "GER"]
[WhiteTeam "Frankfurt SC Koenig Nied"]
[BlackTeam "Griesheim SV II"]
[WhiteTeamCountry "GER"]
[BlackTeamCountry "GER"]

1. d4 Nf6 2. c4 g6 3. Nc3 d5 4. Nf3 Bg7 5. cxd5 Nxd5 6. e4 Nxc3 7. bxc3 c5 8.
Rb1 O-O 9. Be2 b6 10. O-O Bb7 11. Qd3 Qd6 12. Rd1 Nd7 13. Qe3 Rfd8 14. Bd2 e6
15. h4 Qc6 16. Bd3 Rac8 17. h5 Qd6 18. hxg6 hxg6 19. Qe2 cxd4 20. cxd4 Bxd4 21.
Bg5 f6 22. Nxd4 fxg5 23. Bc4 1-0

[Event "Oberliga Ost B 2018 2019"]
[Site "?"]
[Date "2018.11.10"]
[Round "2.5"]
[White "Dietz, Holger"]
[Black "Staller, Peter"]
[Result "1-0"]
[WhiteElo "2314"]
[BlackElo "2254"]
[PlyCount "97"]
[EventDate "2018.10.21"]
[EventType "team-tourn"]
[EventCountry "GER"]
[WhiteTeam "Griesheim SV II"]
[BlackTeam "Frankfurt SC Koenig Nied"]
[WhiteTeamCountry "GER"]
[BlackTeamCountry "GER"]

1. d4 d5 2. Bf4 Nf6 3. e3 e6 4. c3 Bd6 5. Bxd6 Qxd6 6. f4 O-O 7. Nf3 b6 8. Bd3
c5 9. Ne5 Ba6 10. Bc2 Ne4 11. Nd2 Bb7 12. Nxe4 dxe4 13. dxc5 Qxc5 14. Qd4 f6
15. Qxc5 bxc5 16. Nc4 Bd5 17. Nd6 f5 18. O-O-O Na6 19. c4 Bc6 20. a3 Rfd8 21.
g4 g6 22. h4 fxg4 23. h5 Kg7 24. Rh4 Rd7 25. Bxe4 Bxe4 26. Nxe4 Rxd1+ 27. Kxd1
e5 28. h6+ Kf7 29. fxe5 Ke6 30. Rxg4 Kxe5 31. Rf4 Rd8+ 32. Kc2 Rd7 33. Ng5 Nc7
34. Rf8 Re7 35. b4 cxb4 36. axb4 Ne6 37. Nxe6 Kxe6 38. Kc3 g5 39. c5 g4 40. Kd4
Rd7+ 41. Kc4 Rd1 42. Rg8 Rg1 43. Kb5 g3 44. c6 g2 45. e4 Kd6 46. Rg7 Ke5 47. c7
Rc1 48. Rxg2 Rxc7 49. Rg7 1-0

[Event "Oberliga Ost B 2018 2019"]
[Site "?"]
[Date "2018.11.10"]
[Round "2.6"]
[White "Graf, Gerd"]
[Black "Hahn, Werner"]
[Result "1/2-1/2"]
[WhiteElo "2234"]
[BlackElo "2165"]
[PlyCount "109"]
[EventDate "2018.10.21"]
[EventType "team-tourn"]
[EventCountry "GER"]
[WhiteTeam "Frankfurt SC Koenig Nied"]
[BlackTeam "Griesheim SV II"]
[WhiteTeamCountry "GER"]
[BlackTeamCountry "GER"]

1. Nf3 g6 2. g3 Bg7 3. Bg2 d6 4. d3 e5 5. e4 Ne7 6. c3 O-O 7. O-O Nbc6 8. b4 a6
9. a4 h6 10. Na3 d5 11. b5 Na5 12. Qe2 Be6 13. c4 c6 14. Bb2 d4 15. Bc1 axb5
16. axb5 c5 17. Qb2 b6 18. Nc2 Nb7 19. Ra6 Rxa6 20. bxa6 Na5 21. Bd2 Nac6 22.
Rb1 Nc8 23. Nh4 Kh7 24. Na3 N6a7 25. Nb5 Nxb5 26. Qxb5 Bd7 27. Qb3 Qc7 28. f4
f6 29. f5 g5 30. Ng6 Rf7 31. h4 Be8 32. Bf3 Qd8 33. Kg2 Ra7 34. Ra1 Kg8 35. Bh5
Nd6 36. Qa3 Qa8 37. Kh3 Qc8 38. Kh2 Qa8 39. Kh3 Qc8 40. Qb3 Qd8 41. Qb1 Bc6 42.
Bd1 Be8 43. h5 Nc8 44. Ra2 Bf8 45. Ba4 Bd6 46. Bxe8 Qxe8 47. Qb3 Kf7 48. Kg2
Bc7 49. Kf3 Nd6 50. Ke2 Bd8 51. Ra1 Qc6 52. Kd1 Qe8 53. Ke2 Qc6 54. Kd1 Qe8 55.
Ke2 1/2-1/2

[Event "Oberliga Ost B 2018 2019"]
[Site "?"]
[Date "2018.11.10"]
[Round "2.8"]
[White "Goll, Christof"]
[Black "Hoeck, Raimund"]
[Result "1/2-1/2"]
[WhiteElo "2055"]
[BlackElo "2017"]
[PlyCount "45"]
[EventDate "2018.10.21"]
[EventType "team-tourn"]
[EventCountry "GER"]
[WhiteTeam "Frankfurt SC Koenig Nied"]
[BlackTeam "Griesheim SV II"]
[WhiteTeamCountry "GER"]
[BlackTeamCountry "GER"]

1. d4 d5 2. Bf4 Nf6 3. e3 e6 4. Nf3 Be7 5. h3 c5 6. c3 Nc6 7. Nbd2 O-O 8. Bd3
b6 9. O-O Bb7 10. Qe2 cxd4 11. exd4 h6 12. Rfe1 Bd6 13. Ne5 Bxe5 14. dxe5 Nd7
15. Qg4 f5 16. Qg3 Kh8 17. h4 Nc5 18. Bc2 Ne7 19. Rad1 Qe8 20. Qe3 Qh5 21. Nf3
Bc6 22. Nd4 Bd7 23. b4 1/2-1/2

[Event "Oberliga Ost B 2018 2019"]
[Site "?"]
[Date "2018.11.10"]
[Round "2.1"]
[White "Mueller, Maximilian"]
[Black "Dubkov, Andrej"]
[Result "1-0"]
[WhiteElo "2324"]
[BlackElo "2338"]
[PlyCount "53"]
[EventDate "2018.10.21"]
[EventType "team-tourn"]
[EventCountry "GER"]
[WhiteTeam "Gernsheim SK"]
[BlackTeam "Wiesbadener SV"]
[WhiteTeamCountry "GER"]
[BlackTeamCountry "GER"]

1. d4 d5 2. c4 e6 3. Nf3 c6 4. Nbd2 f5 5. g3 Bd6 6. Bg2 Nd7 7. Rb1 Qe7 8. Qa4
Ngf6 9. b4 b5 10. cxb5 cxb5 11. Qxb5 O-O 12. O-O Ne4 13. Nxe4 fxe4 14. Bg5 Nf6
15. Ne5 Rb8 16. Qa5 Rb6 17. b5 Qb7 18. f3 Nd7 19. Nc6 exf3 20. Bxf3 a6 21. Nd8
Qb8 22. Nxe6 Bxg3 23. Nxf8 Bxh2+ 24. Kh1 Nxf8 25. Bxd5+ Be6 26. Be4 axb5 27.
Qa8 1-0

[Event "Oberliga Ost B 2018 2019"]
[Site "?"]
[Date "2018.11.10"]
[Round "2.2"]
[White "Geske, Julian"]
[Black "Hebbering, Tom Elliot"]
[Result "1/2-1/2"]
[WhiteElo "2382"]
[BlackElo "2199"]
[PlyCount "98"]
[EventDate "2018.10.21"]
[EventType "team-tourn"]
[EventCountry "GER"]
[WhiteTeam "Wiesbadener SV"]
[BlackTeam "Gernsheim SK"]
[WhiteTeamCountry "GER"]
[BlackTeamCountry "GER"]

1. d4 d5 2. c4 c6 3. Nf3 Nf6 4. e3 Bf5 5. Nc3 e6 6. Nh4 Bg6 7. Be2 Nbd7 8. Bd2
Be7 9. Nxg6 hxg6 10. Qb3 Qb6 11. O-O Qxb3 12. axb3 O-O 13. Rac1 Rfd8 14. Rfd1
Rac8 15. Bf3 Bb4 16. Ra1 a6 17. Nxd5 Nxd5 18. cxd5 Bxd2 19. dxe6 Bb4 20. exd7
Rxd7 21. Bg4 f5 22. Be2 Kf7 23. g3 Kf6 24. Kg2 g5 25. g4 g6 26. h3 Re8 27. Kf3
Bd6 28. Bd3 Rh7 29. Rh1 Bc7 30. Rac1 Bd6 31. Bc4 Reh8 32. gxf5 Rxh3+ 33. Rxh3
Rxh3+ 34. Kg2 Rh2+ 35. Kg1 gxf5 36. Bxa6 bxa6 37. Rxc6 Ke7 38. Rxd6 Rxf2 39.
Rg6 Rf3 40. Rxg5 Rxe3 41. Rxf5 Rxb3 42. Kf2 Rxb2+ 43. Ke3 Rb5 44. Rf1 a5 45.
Rh1 a4 46. Rh7+ Kd6 47. Ra7 Kd5 48. Rxa4 Rb3+ 49. Ke2 Rh3 1/2-1/2

[Event "Oberliga Ost B 2018 2019"]
[Site "?"]
[Date "2018.11.10"]
[Round "2.3"]
[White "Neumann, Martin"]
[Black "Gottschalk, Jens"]
[Result "1-0"]
[WhiteElo "2067"]
[BlackElo "2293"]
[PlyCount "97"]
[EventDate "2018.10.21"]
[EventType "team-tourn"]
[EventCountry "GER"]
[WhiteTeam "Gernsheim SK"]
[BlackTeam "Wiesbadener SV"]
[WhiteTeamCountry "GER"]
[BlackTeamCountry "GER"]

1. d4 c5 2. dxc5 Na6 3. Nf3 Nxc5 4. g3 Nf6 5. Bg2 g6 6. O-O Bg7 7. Nbd2 d5 8.
Nb3 Na4 9. Qd4 Bd7 10. Nc5 Nxc5 11. Qxc5 O-O 12. c3 b6 13. Qb4 Rc8 14. Ne5 Bf5
15. Rd1 Qc7 16. Bf4 Qc5 17. Qb3 Be6 18. Qa4 a5 19. Be3 Qc7 20. Nd3 Bd7 21. Qd4
b5 22. Bxd5 Nxd5 23. Qxd5 Bc6 24. Qc5 Rfe8 25. Qb6 Qd6 26. Nb4 axb4 27. Rxd6
exd6 28. cxb4 Bxb2 29. Rd1 Be5 30. Rc1 Bd7 31. Rxc8 Rxc8 32. Qb7 Be6 33. Qxb5
Bxa2 34. Qa6 Be6 35. f4 Bg7 36. Qxd6 Bf8 37. Qb6 Rc2 38. Qb8 Rc8 39. Qb5 Bc4
40. Qb7 Re8 41. Kf2 Be6 42. b5 Rc8 43. b6 Rc2 44. Bd4 Rc4 45. Ke3 Rc8 46. Qa7
Bd5 47. b7 Re8+ 48. Kf2 Bd6 49. Qb6 1-0

[Event "Oberliga Ost B 2018 2019"]
[Site "?"]
[Date "2018.11.10"]
[Round "2.4"]
[White "Ress, Tamas"]
[Black "Di Capua, Francesco Stefano"]
[Result "1/2-1/2"]
[WhiteElo "2256"]
[BlackElo "1900"]
[PlyCount "102"]
[EventDate "2018.10.21"]
[EventType "team-tourn"]
[EventCountry "GER"]
[WhiteTeam "Wiesbadener SV"]
[BlackTeam "Gernsheim SK"]
[WhiteTeamCountry "GER"]
[BlackTeamCountry "GER"]

1. d4 Nf6 2. c4 e6 3. Nf3 d5 4. Nc3 dxc4 5. e3 a6 6. a4 c5 7. Bxc4 Nc6 8. O-O
Be7 9. d5 exd5 10. Nxd5 Nxd5 11. Bxd5 Nb4 12. Bb3 O-O 13. Bd2 Bf6 14. Bxb4 cxb4
15. Nd4 Bd7 16. Qf3 Bc6 17. Nxc6 bxc6 18. Rad1 Qc7 19. Rd2 Rad8 20. Rfd1 c5 21.
Bc4 a5 22. Qf5 Rxd2 23. Rxd2 Rd8 24. Rd5 Rxd5 25. Qxd5 g6 26. b3 Be5 27. g3 Kg7
28. f4 Bf6 29. Kg2 Qe7 30. Kf3 Bb2 31. g4 Bc1 32. e4 Qf6 33. f5 Qc3+ 34. Ke2
Qc2+ 35. Kf3 Qc3+ 36. Ke2 Qc2+ 37. Kf1 Qxh2 38. Qxf7+ Kh6 39. fxg6 Qh3+ 40. Ke1
Qe3+ 41. Be2 Qg1+ 42. Qf1 Qxf1+ 43. Bxf1 Kxg6 44. e5 Bf4 45. Bd3+ Kg5 46. e6
Kf6 47. Bxh7 Kxe6 48. Ke2 Kf6 49. Kd3 Bc7 50. Kc4 Kg5 51. Bf5 Bd8 1/2-1/2

[Event "Oberliga Ost B 2018 2019"]
[Site "?"]
[Date "2018.11.10"]
[Round "2.5"]
[White "Nies, Peter"]
[Black "Nehmert, Ulrich"]
[Result "0-1"]
[WhiteElo "2070"]
[BlackElo "2217"]
[PlyCount "74"]
[EventDate "2018.10.21"]
[EventType "team-tourn"]
[EventCountry "GER"]
[WhiteTeam "Gernsheim SK"]
[BlackTeam "Wiesbadener SV"]
[WhiteTeamCountry "GER"]
[BlackTeamCountry "GER"]

1. e4 c5 2. Nc3 e6 3. Nf3 Nf6 4. e5 Nd5 5. Nxd5 exd5 6. d4 Nc6 7. dxc5 Bxc5 8.
Bd3 d6 9. exd6 Qxd6 10. O-O h6 11. a3 a5 12. Re1+ Be6 13. Nh4 Ne7 14. Qf3 Qb6
15. Nf5 Nxf5 16. Qxf5 O-O-O 17. Qf3 g5 18. Be3 d4 19. Bd2 Qc7 20. Bf5 Kb8 21.
b4 Bd6 22. bxa5 Bd5 23. Be4 g4 24. Qxg4 f5 25. Qxf5 Rhf8 26. Qh5 Bxe4 27. Rxe4
Qxc2 28. Qe2 d3 29. Qe1 Bc5 30. Bf4+ Rxf4 31. Rxf4 d2 32. Qd1 Re8 33. Kf1 Qd3+
34. Kg1 Qc2 35. Kf1 Qd3+ 36. Kg1 Bd4 37. Rc1 Bb2 0-1

[Event "Oberliga Ost B 2018 2019"]
[Site "?"]
[Date "2018.11.10"]
[Round "2.6"]
[White "Minor, Samuel"]
[Black "Rosenberger, Frank"]
[Result "1/2-1/2"]
[WhiteElo "2246"]
[BlackElo "2008"]
[PlyCount "140"]
[EventDate "2018.10.21"]
[EventType "team-tourn"]
[EventCountry "GER"]
[WhiteTeam "Wiesbadener SV"]
[BlackTeam "Gernsheim SK"]
[WhiteTeamCountry "GER"]
[BlackTeamCountry "GER"]

1. e4 e6 2. d3 d5 3. Qe2 dxe4 4. dxe4 e5 5. Nf3 Nc6 6. c3 a5 7. Qc2 Bc5 8. Bb5
Qe7 9. Nbd2 Bxf2+ 10. Ke2 Ba7 11. Nc4 Qc5 12. a4 Be6 13. Ne3 Nf6 14. Ng5 Bg4+
15. Nxg4 Nxg4 16. Kf3 Nf6 17. Rf1 O-O 18. Qe2 Rad8 19. g3 h6 20. Nh3 Qd6 21.
Kg2 Qe6 22. Nf2 Rd6 23. h3 Rfd8 24. Bc4 Qd7 25. Ng4 Qe7 26. b3 Bc5 27. Ne3 Bxe3
28. Bxe3 b6 29. g4 R8d7 30. Kg1 Nd8 31. Qf3 Nh7 32. Rae1 Rf6 33. Qg3 Rdd6 34.
Rf5 Rxf5 35. gxf5 Ng5 36. Qg4 Kh8 37. Kh1 f6 38. h4 Nh7 39. Bxh6 Qf8 40. Rg1
Rd7 41. Qg6 Nb7 42. Be3 Nc5 43. Bd5 c6 44. Bxc6 Rd3 45. Bxc5 bxc5 46. Rg3 Rxg3
47. Qxg3 Qd6 48. Bd5 c4 49. Qg6 Qa3 50. Qe8+ Nf8 51. Qh5+ Nh7 52. Bxc4 Qc1+ 53.
Kg2 Qc2+ 54. Qe2 Qxc3 55. Qd1 Qb4 56. Qd5 Qf8 57. Qxa5 Qa3 58. Qd2 Nf8 59. a5
Kh7 60. a6 g6 61. Qf2 gxf5 62. a7 Ng6 63. Bd5 Nf4+ 64. Qxf4 exf4 65. a8=Q Qb2+
66. Kf3 Qc3+ 67. Kxf4 Qe5+ 68. Kf3 Qc3+ 69. Kf2 Qd2+ 70. Kf3 Qc3+ 1/2-1/2

[Event "Oberliga Ost B 2018 2019"]
[Site "?"]
[Date "2018.11.10"]
[Round "2.7"]
[White "Mazurek, Robert"]
[Black "Ungurean, Florin Ioan"]
[Result "1-0"]
[WhiteElo "2126"]
[BlackElo "2003"]
[PlyCount "69"]
[EventDate "2018.10.21"]
[EventType "team-tourn"]
[EventCountry "GER"]
[WhiteTeam "Gernsheim SK"]
[BlackTeam "Wiesbadener SV"]
[WhiteTeamCountry "GER"]
[BlackTeamCountry "GER"]

1. d4 d5 2. c4 c6 3. Nc3 Nf6 4. Nf3 dxc4 5. e4 b5 6. Be2 Bb7 7. O-O e6 8. Qc2
a6 9. b3 cxb3 10. axb3 Nbd7 11. e5 Nd5 12. Nxd5 cxd5 13. Bd2 Nb8 14. Ng5 Nc6
15. Qb2 Be7 16. Nf3 O-O 17. b4 Qb6 18. Bc3 Rfd8 19. Ne1 f6 20. Bg4 fxe5 21.
Bxe6+ Kh8 22. Nd3 exd4 23. Bd2 Bc8 24. Rfe1 Bf6 25. Bxd5 Bf5 26. Nf4 Rac8 27.
Qa3 Nb8 28. Qf3 Qd6 29. g4 Be5 30. gxf5 Bxf4 31. Bxf4 Qxd5 32. Re8+ Rxe8 33.
Qxd5 Nc6 34. f6 gxf6 35. Qf5 1-0

[Event "Oberliga Ost B 2018 2019"]
[Site "?"]
[Date "2018.11.10"]
[Round "2.8"]
[White "Kasakevitsch, Evsey"]
[Black "Schupp, Uwe"]
[Result "1/2-1/2"]
[WhiteElo "1999"]
[BlackElo "2106"]
[PlyCount "178"]
[EventDate "2018.10.21"]
[EventType "team-tourn"]
[EventCountry "GER"]
[WhiteTeam "Wiesbadener SV"]
[BlackTeam "Gernsheim SK"]
[WhiteTeamCountry "GER"]
[BlackTeamCountry "GER"]

1. Nf3 d6 2. d4 Nf6 3. g3 Nbd7 4. Nbd2 e5 5. e4 Be7 6. Bg2 O-O 7. O-O exd4 8.
Nxd4 Re8 9. b3 Bf8 10. Bb2 Nc5 11. Re1 Bg4 12. f3 Bd7 13. Nf1 Ne6 14. Nxe6 Bxe6
15. c4 c6 16. Ne3 Nd7 17. f4 f6 18. Qc2 Qb6 19. Kh1 Rad8 20. Rad1 Nc5 21. Bd4
a5 22. f5 Bf7 23. Ng4 Be7 24. Qf2 a4 25. Bxc5 dxc5 26. Qc2 Bd6 27. Rd3 Bh5 28.
Ne3 Be5 29. g4 Rxd3 30. Qxd3 Rd8 31. Qc2 Bf7 32. Rd1 Bd4 33. Rd3 Qc7 34. Qd1
axb3 35. axb3 Qf4 36. Qf3 Qe5 37. Nc2 h6 38. Qd1 Rd5 39. Nxd4 cxd4 40. Qa1 Rd6
41. h3 b5 42. cxb5 Qxb5 43. Rxd4 Rxd4 44. Qxd4 c5 45. Qd8+ Kh7 46. e5 fxe5 47.
f6 Qe2 48. Qf8 gxf6 49. Qxf7+ Kh8 50. Qxf6+ Kh7 51. Qf7+ Kh8 52. Qf8+ Kh7 53.
Qxc5 e4 54. Qe7+ Kg8 55. Qxe4 Qd1+ 56. Kh2 Qd6+ 57. Kg1 Qd1+ 58. Kf2 Qd2+ 59.
Kg3 Qd6+ 60. Qf4 Qd3+ 61. Kh2 Qxb3 62. Qe5 Qb6 63. Bd5+ Kf8 64. Qh8+ Ke7 65.
Qg7+ Kd8 66. Qf8+ Kd7 67. Qg7+ Kd8 68. Qg8+ Kd7 69. Qe6+ Qxe6 70. Bxe6+ Kxe6
71. Kg3 Ke5 72. Kf3 Kf6 73. h4 Kf7 74. Ke3 Ke7 75. Kd3 Kd7 76. Ke3 Ke7 77. Kf3
Kf7 78. Ke4 Ke6 79. Kd4 Kd6 80. Kd3 Kd7 81. h5 Ke6 82. Ke4 Kf6 83. Kf3 Kg5 84.
Kg3 Kf6 85. Kh4 Kg7 86. Kg3 Kf6 87. Kf3 Ke6 88. Ke4 Kf6 89. Kf4 Ke6 1/2-1/2

[Event "Oberliga Ost B 2018 2019"]
[Site "?"]
[Date "2018.11.10"]
[Round "2.1"]
[White "Schmidt Schaeffer, Sebastian"]
[Black "Kuenstler, Christian"]
[Result "1-0"]
[WhiteElo "2356"]
[BlackElo "2294"]
[PlyCount "83"]
[EventDate "2018.10.21"]
[EventType "team-tourn"]
[EventCountry "GER"]
[WhiteTeam "Naumburger SV"]
[BlackTeam "Neuberg SF"]
[WhiteTeamCountry "GER"]
[BlackTeamCountry "GER"]

1. e4 c5 2. Nc3 Nc6 3. g3 g6 4. Bg2 Bg7 5. d3 d6 6. Nge2 Rb8 7. a4 a6 8. O-O e6
9. Be3 Nd4 10. Qd2 Ne7 11. f4 O-O 12. Rab1 Nec6 13. Nd1 Nxe2+ 14. Qxe2 Nd4 15.
Qf2 Bd7 16. b3 e5 17. c3 Nc6 18. f5 f6 19. b4 b6 20. g4 Qe7 21. b5 Na7 22. c4
g5 23. bxa6 Nc6 24. Nc3 Qd8 25. Nd5 Bc8 26. Rb2 Bxa6 27. Rfb1 Rf7 28. Rxb6 Rxb6
29. Rxb6 Nb4 30. a5 Nxd3 31. Qc2 Ne1 32. Qb3 Nxg2 33. Kxg2 Bc8 34. Rb8 Bf8 35.
Qb5 Kg7 36. Bd2 Ra7 37. Nb6 Rc7 38. Nxc8 Rxc8 39. Qb7+ Rc7 40. Qb6 Qd7 41. a6
Qc6 42. Qxc7+ 1-0

[Event "Oberliga Ost B 2018 2019"]
[Site "?"]
[Date "2018.11.10"]
[Round "2.2"]
[White "Wahedi, Ahmad Siar"]
[Black "Heinrich, Julius Tobias"]
[Result "1-0"]
[WhiteElo "2285"]
[BlackElo "2095"]
[PlyCount "75"]
[EventDate "2018.10.21"]
[EventType "team-tourn"]
[EventCountry "GER"]
[WhiteTeam "Neuberg SF"]
[BlackTeam "Naumburger SV"]
[WhiteTeamCountry "GER"]
[BlackTeamCountry "GER"]

1. e4 e6 2. Qe2 e5 3. Nf3 Nc6 4. c3 d5 5. d4 Bg4 6. dxe5 Nge7 7. Nbd2 Nxe5 8.
Qb5+ Bd7 9. Qb3 Nxf3+ 10. Nxf3 c6 11. Qxb7 Rb8 12. Qxa7 dxe4 13. Ne5 Be6 14.
Bc4 Bxc4 15. Nxc4 Ng6 16. Bg5 f6 17. Rd1 Qc8 18. Be3 Be7 19. O-O O-O 20. Rd7
Ra8 21. Qc7 Qxc7 22. Rxc7 Rxa2 23. Rxc6 f5 24. g3 Bf6 25. Rd1 Ne5 26. Nxe5 Bxe5
27. Rb6 Rfa8 28. Rd5 R2a5 29. Rbb5 Rxb5 30. Rxb5 Bf6 31. c4 Rc8 32. b3 g6 33.
Rb7 g5 34. Rb5 Kf7 35. Rxf5 Ke6 36. Rb5 h6 37. Kg2 Kf7 38. Rb6 1-0

[Event "Oberliga Ost B 2018 2019"]
[Site "?"]
[Date "2018.11.10"]
[Round "2.3"]
[White "Haertig, Jens"]
[Black "Lutz, Klaus Juergen"]
[Result "1/2-1/2"]
[WhiteElo "2139"]
[BlackElo "2219"]
[PlyCount "50"]
[EventDate "2018.10.21"]
[EventType "team-tourn"]
[EventCountry "GER"]
[WhiteTeam "Naumburger SV"]
[BlackTeam "Neuberg SF"]
[WhiteTeamCountry "GER"]
[BlackTeamCountry "GER"]

1. c4 f5 2. Nf3 Nf6 3. d4 g6 4. b4 c6 5. Qb3 a5 6. b5 a4 7. Qc2 Bg7 8. e3 O-O
9. Be2 Ne4 10. O-O cxb5 11. cxb5 d5 12. Ba3 b6 13. Rc1 Ra7 14. Nbd2 Be6 15. Ne5
Bxe5 16. dxe5 Qd7 17. Nxe4 fxe4 18. Qd1 Rd8 19. Qd4 Qb7 20. Rc2 Rf8 21. Rac1
Kf7 22. Rf1 Kg8 23. Rfc1 Kf7 24. Rd1 Rc8 25. Rdc1 Rf8 1/2-1/2

[Event "Oberliga Ost B 2018 2019"]
[Site "?"]
[Date "2018.11.10"]
[Round "2.4"]
[White "Seifert, Christopher"]
[Black "Will, Matthias"]
[Result "1/2-1/2"]
[WhiteElo "2327"]
[BlackElo "2006"]
[PlyCount "71"]
[EventDate "2018.10.21"]
[EventType "team-tourn"]
[EventCountry "GER"]
[WhiteTeam "Neuberg SF"]
[BlackTeam "Naumburger SV"]
[WhiteTeamCountry "GER"]
[BlackTeamCountry "GER"]

1. c4 f5 2. g3 Nf6 3. Bg2 g6 4. Nc3 Bg7 5. d3 d6 6. e3 Nc6 7. Nge2 e5 8. O-O
O-O 9. Rb1 a5 10. a3 Be6 11. Nd5 Bxd5 12. cxd5 Ne7 13. Qc2 Rc8 14. Qb3 b6 15.
Bd2 Qe8 16. Rbc1 g5 17. f4 Qh5 18. fxe5 Qxe2 19. Rf2 Qh5 20. exf6 Bxf6 21. Rc4
Ng6 22. Rxf5 Ne5 23. Rcf4 Ng4 24. h3 Nh6 25. Rxf6 gxf4 26. g4 Qh4 27. Rxf8+
Rxf8 28. exf4 Re8 29. Qd1 Qg3 30. Qf1 Nf7 31. Qf2 Qxd3 32. Bc3 Re3 33. Bf1 Qe4
34. Bg2 Qd3 35. Bf1 Qe4 36. Bg2 1/2-1/2

[Event "Oberliga Ost B 2018 2019"]
[Site "?"]
[Date "2018.11.10"]
[Round "2.5"]
[White "Roessler, Bernd"]
[Black "Koller, Jens"]
[Result "1/2-1/2"]
[WhiteElo "2024"]
[BlackElo "2192"]
[PlyCount "87"]
[EventDate "2018.10.21"]
[EventType "team-tourn"]
[EventCountry "GER"]
[WhiteTeam "Naumburger SV"]
[BlackTeam "Neuberg SF"]
[WhiteTeamCountry "GER"]
[BlackTeamCountry "GER"]

1. d4 Nf6 2. Bf4 g6 3. Nf3 Bg7 4. e3 d6 5. Bc4 O-O 6. c3 Nbd7 7. Nbd2 c5 8. h3
a6 9. O-O b5 10. Bd3 Bb7 11. a4 Qb6 12. Qe2 c4 13. Bc2 Nd5 14. Bg3 e5 15. axb5
axb5 16. Rfd1 Rxa1 17. Rxa1 Re8 18. dxe5 dxe5 19. e4 Nf4 20. Qe3 Qxe3 21. fxe3
Ne2+ 22. Kf2 Nxg3 23. Kxg3 Ra8 24. Rxa8+ Bxa8 25. b3 Nb6 26. bxc4 bxc4 27. Bd1
f6 28. Be2 Kf8 29. Nxc4 Nxc4 30. Bxc4 Bxe4 31. Kf2 Ke7 32. g4 h6 33. Nd2 Bc6
34. Bd3 Be8 35. Kg3 Bf8 36. Kf2 Kf7 37. Bc4+ Kg7 38. Bd5 f5 39. Be6 Kf6 40. Bc8
Bc6 41. h4 Bc5 42. Nf3 fxg4 43. Bxg4 Bd5 44. Nd2 1/2-1/2

[Event "Oberliga Ost B 2018 2019"]
[Site "?"]
[Date "2018.11.10"]
[Round "2.6"]
[White "Schaffer, Hendrik"]
[Black "Schlag, Andreas"]
[Result "1-0"]
[WhiteElo "2260"]
[BlackElo "2118"]
[PlyCount "75"]
[EventDate "2018.10.21"]
[EventType "team-tourn"]
[EventCountry "GER"]
[WhiteTeam "Neuberg SF"]
[BlackTeam "Naumburger SV"]
[WhiteTeamCountry "GER"]
[BlackTeamCountry "GER"]

1. d4 Nf6 2. c4 e6 3. g3 g6 4. Bg2 Bg7 5. e4 d6 6. Ne2 O-O 7. b3 c6 8. O-O Nbd7
9. Bb2 Ne8 10. Nbc3 Nc7 11. Qc2 Na6 12. Rad1 Qe7 13. a3 Rb8 14. b4 Nc7 15. d5
Ne5 16. Qb3 exd5 17. cxd5 Rd8 18. h3 cxd5 19. exd5 g5 20. Bc1 h6 21. f4 gxf4
22. Nxf4 Ng6 23. Nh5 Qe5 24. Nxg7 Qxg7 25. Ne2 Bd7 26. Nf4 Ne8 27. Nh5 Qh7 28.
g4 Bb5 29. Rfe1 Kf8 30. Be4 Rbc8 31. Qe3 Ba4 32. Rd2 Rc4 33. Bd3 Rc7 34. Rf2
Rdc8 35. Bb2 a6 36. Nf4 Kg8 37. Nxg6 fxg6 38. Qe6+ 1-0

[Event "Oberliga Ost B 2018 2019"]
[Site "?"]
[Date "2018.11.10"]
[Round "2.7"]
[White "Hillmann, Ralf"]
[Black "Sergin, Mark"]
[Result "0-1"]
[WhiteElo "1977"]
[BlackElo "2174"]
[PlyCount "110"]
[EventDate "2018.10.21"]
[EventType "team-tourn"]
[EventCountry "GER"]
[WhiteTeam "Naumburger SV"]
[BlackTeam "Neuberg SF"]
[WhiteTeamCountry "GER"]
[BlackTeamCountry "GER"]

1. d4 Nf6 2. Nf3 e6 3. e3 c5 4. Bd3 Nc6 5. O-O d5 6. b3 Ne4 7. Bb2 Be7 8. Ne5
cxd4 9. exd4 Nxe5 10. dxe5 Nc5 11. Be2 Bd7 12. Nd2 Bc6 13. Nf3 Qb6 14. Bd4 O-O
15. c3 Qc7 16. Qc2 Rfc8 17. Nd2 b5 18. f4 g6 19. Bf3 Bb7 20. Rae1 a5 21. g4 Nd7
22. Qd3 Bc5 23. Rc1 Qb6 24. Be2 b4 25. Nf3 bxc3 26. Qxc3 a4 27. b4 Bxd4+ 28.
Qxd4 a3 29. Kf2 Ra4 30. Rxc8+ Bxc8 31. Qxb6 Nxb6 32. Rb1 Ba6 33. Nd2 Bxe2 34.
Kxe2 d4 35. Ne4 Kf8 36. Nf6 Nc4 37. Rb3 Nb2 38. Nd7+ Ke7 39. Nc5 Ra8 40. b5 Rb8
41. Rb4 Rc8 42. b6 d3+ 43. Nxd3 Rc2+ 44. Ke3 Rc3 45. b7 Nxd3 46. b8=Q Nxb4+ 47.
Ke2 Nxa2 48. Qb1 Rb3 49. Qg1 Nc3+ 50. Kd2 a2 51. Qc5+ Kd7 52. Qd4+ Ke8 53. Qc4
Ne4+ 54. Ke2 Rb2+ 55. Ke3 a1=Q 0-1

[Event "Oberliga Ost B 2018 2019"]
[Site "?"]
[Date "2018.11.10"]
[Round "2.8"]
[White "Drill, Frank"]
[Black "Reichelt, Holger"]
[Result "1-0"]
[WhiteElo "2024"]
[BlackElo "1822"]
[PlyCount "61"]
[EventDate "2018.10.21"]
[EventType "team-tourn"]
[EventCountry "GER"]
[WhiteTeam "Neuberg SF"]
[BlackTeam "Naumburger SV"]
[WhiteTeamCountry "GER"]
[BlackTeamCountry "GER"]

1. e4 c6 2. d4 d5 3. f3 dxe4 4. fxe4 e5 5. Nf3 exd4 6. Bc4 Be6 7. Bxe6 fxe6 8.
O-O Be7 9. Nxd4 Qb6 10. Qh5+ g6 11. Qe5 Nf6 12. c3 Nbd7 13. Qxe6 Nc5 14. Qh3
O-O 15. Nd2 Rae8 16. b4 Ncd7 17. N2f3 Bd6 18. Bh6 Rf7 19. Ng5 Rfe7 20. Kh1 c5
21. bxc5 Bxc5 22. Ndf3 Qc6 23. Rad1 Ne5 24. Nxe5 Rxe5 25. Qf3 Bf8 26. Qh3 Bxh6
27. Qxh6 R5e7 28. Rf4 Nh5 29. Rf3 Qb6 30. Rdf1 Qd6 31. Rf8+ 1-0